[Event "225th YMCA Winter B"]
[Site "Warsaw"]
[Date "2020.02.28"]
[Round "8"]
[White "Szukalski, Antoni"]
[Black "Kasperski, Marcin"]
[Result "0-1"]
[WhiteElo "1752"]
[BlackElo "1647"]
[PlyCount "96"]
[EventDate "2020.01.08"]
[EventType "tourn"]
[EventRounds "1"]
[EventCountry "POL"]
[SourceDate "2020.01.08"]

1. e4 c5 2. Nf3 Nc6 3. d4 cxd4 4. Nxd4 Nf6 5. Nc3 a6 6. Be2 g6 7. O-O Bg7 8.
Be3 O-O 9. Qd2 d6 10. f4 Ng4 11. Bxg4 Bxg4 12. h3 Bd7 13. Qf2 Rc8 14. a3 Na5
15. Nce2 Nc4 16. Bc1 b5 17. c3 Qc7 18. b3 Na5 19. Be3 Qb7 20. b4 Nc4 21. Ng3
Nxe3 22. Qxe3 Qb6 23. e5 dxe5 24. fxe5 Be6 25. Rfe1 Bd5 26. Rac1 Rc4 27. Nge2
e6 28. Kh1 Qc7 29. Nf4 Rd8 30. Nb3 Rxf4 31. Qxf4 Bxb3 32. Re3 Rd5 33. Rce1 Qd8
34. Rf3 Qc7 35. Ref1 Rd7 36. Re3 Rd1 37. Rxd1 Bxd1 38. Rd3 Bc2 39. Rd2 Bf5 40.
Rd6 Qc8 41. Qg5 Bf8 42. Rd8 Qc7 43. Re8 Qd7 44. Rd8 Qc7 45. Qf6 h6 46. Re8 Be4
47. Rd8 Bc6 48. Kg1 Qb7 $138 0-1

[Event "225th YMCA Winter B"]
[Site "Warsaw"]
[Date "2020.02.21"]
[Round "8"]
[White "Mazurek, Jerzy"]
[Black "Sloniewska, Alicja"]
[Result "1/2-1/2"]
[WhiteElo "1672"]
[BlackElo "1683"]
[PlyCount "90"]
[EventDate "2020.01.08"]
[EventType "tourn"]
[EventRounds "1"]
[EventCountry "POL"]
[SourceDate "2020.01.08"]

1. e4 c6 2. d4 d5 3. Nd2 dxe4 4. Nxe4 Bf5 5. Ng3 Bg6 6. h4 h6 7. Nf3 Nd7 8. h5
Bh7 9. Bd3 Bxd3 10. Qxd3 Ngf6 11. Bd2 e6 12. O-O-O Be7 13. Kb1 O-O 14. Ne4 Nxe4
15. Qxe4 Nf6 16. Qe2 Qd5 17. Be3 b5 18. Ne5 Nd7 19. Bd2 Nb6 20. g4 Na4 21. b3
Nb6 22. f4 a5 23. g5 hxg5 24. fxg5 b4 25. g6 f6 26. Nf7 Rxf7 27. gxf7+ Kxf7 28.
h6 g6 29. h7 Rh8 30. Bc1 Kg7 31. Qh2 Kf7 32. Qh6 Bf8 33. Qf4 Qd7 34. Bd2 Nd5
35. Qg3 Bd6 36. Qf3 Qa7 37. Be1 a4 38. Qd3 axb3 39. cxb3 c5 40. dxc5 Bxc5 41.
Rc1 Be7 42. Bd2 f5 43. Qc4 Qb7 44. Rhe1 Rxh7 45. Qc6 Qxc6 $11 1/2-1/2

[Event "225th YMCA Winter B"]
[Site "Warsaw"]
[Date "2020.02.21"]
[Round "8"]
[White "Kwiek, Janusz"]
[Black "Kalejta, Arkadiusz"]
[Result "1/2-1/2"]
[WhiteElo "1549"]
[BlackElo "1774"]
[PlyCount "138"]
[EventDate "2020.01.08"]
[EventType "tourn"]
[EventRounds "1"]
[EventCountry "POL"]
[SourceDate "2020.01.08"]

1. Nf3 d5 2. g3 Nf6 3. Bg2 c6 4. O-O Bf5 5. d4 h6 6. b3 e6 7. Bb2 Nbd7 8. c4 a5
9. a4 Bb4 10. Ba3 Qe7 11. Bxb4 Qxb4 12. Nbd2 O-O 13. Qc1 Ne4 14. Nxe4 Bxe4 15.
Qa3 Qb6 16. c5 Qc7 17. Rac1 e5 18. e3 f5 19. Qb2 Rae8 20. dxe5 Bxf3 21. Bxf3
Nxe5 22. Be2 Rf6 23. Qc3 Ng4 24. Bxg4 fxg4 25. b4 axb4 26. Qxb4 Re4 27. Qb3 Rf7
28. Rfd1 Qa5 29. Rd4 Rxd4 30. exd4 Qd2 31. Qe3 Rxf2 32. Qxd2 Rxd2 33. Rb1 Rxd4
34. Rxb7 Rc4 35. a5 Rxc5 36. a6 Ra5 37. a7 Kh7 38. Kf2 c5 39. Ke3 Ra4 40. Kd3
Kg6 41. Rd7 Ra3+ 42. Kc2 Kf6 43. Kb2 Ra5 44. Rxd5 Rxa7 45. Rxc5 Re7 46. Rc2 Re3
47. Kc1 Kf5 48. Kd2 Ke4 49. Rc4+ Kd5 50. Rc7 Re5 51. Rxg7 h5 52. Rf7 Ke6 53.
Rf4 Ra5 54. Ke3 Ra2 55. Rf2 Ra3+ 56. Kf4 Ra5 57. Ke4 Ra4+ 58. Kd3 Ke5 59. Re2+
Kf5 60. Rf2+ $11 Kg5 61. Rc2 Ra5 62. Ke3 h4 63. gxh4+ Kxh4 64. Rc4 Kh3 65. Kf4
Ra1 66. Kg5 Rg1 67. Ra4 Rg2 68. Rb4 Ra2 69. Rb3+ Kxh2 1/2-1/2

[Event "225th YMCA Winter B"]
[Site "Warsaw"]
[Date "2020.02.20"]
[Round "8"]
[White "Prus, Marek"]
[Black "Dabrowski, Leszek"]
[Result "1-0"]
[WhiteElo "1672"]
[BlackElo "1598"]
[PlyCount "187"]
[EventDate "2020.01.08"]
[EventType "tourn"]
[EventRounds "1"]
[EventCountry "POL"]
[SourceDate "2020.01.08"]

1. e4 e5 2. Nf3 Nc6 3. Bb5 a6 4. Ba4 Nf6 5. O-O Be7 6. d4 b5 7. Bb3 exd4 8. e5
Ne4 9. Re1 Nc5 10. Nxd4 Nxd4 11. Qxd4 Nxb3 12. axb3 O-O 13. Nc3 Bb7 14. Ne4 d6
15. exd6 Bxd6 16. Nxd6 Qxd6 17. Qxd6 cxd6 18. Bf4 Rfc8 19. Re7 Bd5 20. c3 Bxb3
21. Bxd6 Rd8 22. Rae1 Be6 23. Bc5 Rd2 24. b4 Rc2 25. f4 h6 26. Bd4 a5 27. f5
Bd5 28. f6 g6 29. Re8+ Rxe8 30. Rxe8+ Kh7 31. bxa5 Rxg2+ 32. Kf1 Rxh2 33. a6 b4
34. cxb4 Ra2 35. a7 h5 36. Re5 Bf3 37. Re3 Bc6 38. Re7 Bd5 39. Re5 Bf3 40. b5
h4 41. b6 h3 42. Re7 Bd5 43. Bg1 g5 44. Rxf7+ Kg6 45. b7 Bxb7 46. Rxb7 Kxf6 47.
Bh2 Kf5 48. Rf7+ Ke4 49. Re7+ Kf3 50. Rf7+ Ke4 51. Bg1 g4 52. Rf8 h2 53. Bxh2
Rxa7 54. Rf4+ Kd3 $11 55. Rxg4 Ra1+ 56. Kf2 Ra2+ 57. Kg3 Ra6 58. Bg1 Ra1 59.
Bf2 Ra3 60. Kg2 Ra2 61. Kf1 Ra1+ 62. Be1 Ra8 63. Rg3+ Ke4 64. Ke2 Ra2+ 65. Bd2
Ra8 66. Rg4+ Kf5 67. Rb4 Re8+ 68. Be3 Re4 69. Rb8 Re6 70. Kf3 Kg6 71. Bd4 Kf7
72. Kf4 Re1 73. Be5 Rf1+ 74. Ke4 Re1+ 75. Kd5 Rd1+ 76. Bd4 Re1 77. Rh8 Rd1 78.
Rh7+ Kg6 79. Rg7+ Kh6 80. Rg2 Kh5 81. Ke4 Rf1 82. Be5 Kh6 83. Bf4+ Kh7 84. Rg4
Rh1 85. Kf5 Rh5+ 86. Kf6 Rh3 87. Kf7 Rh1 88. Rg7+ Kh8 89. Rg8+ Kh7 90. Rg4 Rh3
91. Rg1 Rh5 92. Bg5 Rh3 93. Bf6 Rh5 94. Rg8 1-0

[Event "225th YMCA Winter B"]
[Site "Warsaw"]
[Date "2020.02.20"]
[Round "8"]
[White "Poniewierski, Piotr"]
[Black "Potocki, Karol"]
[Result "1/2-1/2"]
[WhiteElo "1837"]
[BlackElo "1845"]
[PlyCount "114"]
[EventDate "2020.01.08"]
[EventType "tourn"]
[EventRounds "1"]
[EventCountry "POL"]
[SourceDate "2020.01.08"]

1. Nf3 Nf6 2. c4 g6 3. g3 Bg7 4. Bg2 O-O 5. O-O d6 6. Nc3 Nbd7 7. d4 c6 8. h3
Qc7 9. e4 e5 10. Re1 Re8 11. Be3 exd4 12. Nxd4 Nc5 13. Qc2 a5 14. Rad1 Bd7 15.
b3 Re7 16. a3 Rae8 17. Bf4 Nh5 18. Bg5 Ne6 19. Ndb5 cxb5 20. Nd5 Qd8 21. Nxe7+
Rxe7 22. Bxe7 Qxe7 23. Qd2 Bd4 24. Kh2 bxc4 25. bxc4 Be5 26. Qxa5 Qg5 27. Qd2
Qh4 28. Kg1 Nxg3 29. fxg3 Qxg3 30. Qf2 Qh2+ 31. Kf1 Nf4 32. Re3 Be6 33. Qg1
Nxg2 34. Qxg2 Bxc4+ 35. Kf2 Qf4+ 36. Qf3 Qh4+ 37. Kg2 h5 38. Qf2 Qg5+ 39. Kh1
b5 40. Rg1 Qe7 41. Rf3 d5 42. Qe3 d4 43. Qg5 Qxg5 44. Rxg5 Bd6 45. e5 Be7 46.
Rg1 Bd5 47. Kg2 Bxa3 48. Kf2 Bxf3 49. Kxf3 b4 50. Rb1 Kf8 51. Ke4 Ke7 52. Kxd4
Ke6 53. Ke4 g5 54. Rg1 b3 55. Rxg5 Bc1 56. Rg8 b2 57. Rb8 f5+ $11 1/2-1/2

[Event "225th YMCA Winter B"]
[Site "Warsaw"]
[Date "2020.02.27"]
[Round "9"]
[White "Potocki, Karol"]
[Black "Koziol, Pawel"]
[Result "1/2-1/2"]
[WhiteElo "1845"]
[BlackElo "1788"]
[PlyCount "63"]
[EventDate "2020.01.08"]
[EventType "tourn"]
[EventRounds "1"]
[EventCountry "POL"]
[SourceDate "2020.01.08"]

1. d4 Nf6 2. Nf3 d6 3. Bf4 g6 4. e3 Bg7 5. Be2 O-O 6. h3 b6 7. c4 Bb7 8. Bh2
Nbd7 9. O-O a5 10. Nc3 e6 11. Qc2 Qe7 12. a3 e5 13. b4 exd4 14. exd4 Rfe8 15.
Nd2 h5 16. Bf3 Bxf3 17. Nxf3 Qd8 18. Bf4 Qc8 19. b5 Nf8 20. Rfe1 Ne6 21. Be3
Qb7 22. d5 Nc5 23. Bd4 Qc8 24. Rxe8+ Qxe8 25. Re1 Qd7 26. Na4 Nxa4 27. Qxa4 Re8
28. Qd1 Re7 29. Bxf6 Bxf6 30. a4 Qe8 31. Rxe7 Qxe7 32. Qe1 $11 1/2-1/2

[Event "225th YMCA Winter B"]
[Site "Warsaw"]
[Date "2020.01.08"]
[Round "9"]
[White "Safanowski, Tomasz"]
[Black "Poniewierski, Piotr"]
[Result "1/2-1/2"]
[WhiteElo "1834"]
[BlackElo "1837"]
[PlyCount "123"]
[EventDate "2020.01.08"]
[EventType "tourn"]
[EventRounds "1"]
[EventCountry "POL"]
[SourceDate "2020.01.08"]

1. d4 d5 2. c4 c6 3. Nc3 Nf6 4. Bg5 e6 5. e3 Nbd7 6. cxd5 exd5 7. Bd3 Bd6 8.
Qc2 h6 9. Bh4 O-O 10. Nge2 Re8 11. O-O-O Qa5 12. g4 b5 13. Ng3 b4 14. Nf5 Bf8
15. Na4 Ba6 16. Bxa6 Qxa6 17. g5 hxg5 18. Bxg5 Ne4 19. Rhg1 c5 20. dxc5 Ndxc5
21. Nxc5 Nxc5 22. Nh6+ Kh8 23. Nxf7+ Kg8 24. Qf5 Qc4+ 25. Kb1 Qe4+ 26. Qxe4
Nxe4 27. f3 Nc5 28. Nh6+ gxh6 29. Bxh6+ Kf7 30. Bxf8 Rxf8 31. Rxd5 Rac8 32. e4
Rc7 33. Rf5+ Ke8 34. Re5+ Kd8 35. f4 $11 Nd7 36. Rd5 Rxf4 37. e5 Re4 38. Rg8+
Ke7 39. Rg7+ Ke8 40. b3 Re1+ 41. Kb2 Rec1 42. Rg2 Ke7 43. a3 Ke6 44. Rb5 Nxe5
45. Re2 bxa3+ 46. Kxa3 R1c5 47. Rxc5 Rxc5 48. Kb4 Rc7 49. h4 Rh7 50. Rh2 Nf3
51. Rh3 Nxh4 52. Kb5 Kd7 53. Ka6 Kc8 54. Rg3 Nf5 55. Rg8+ Kc7 56. Kxa7 Ne7 57.
Rg4 Rh6 58. Rg7 Re6 59. Rh7 Re3 60. Ka6 Kd7 61. b4 Kc7 62. Kb5 1/2-1/2

[Event "225th YMCA Winter B"]
[Site "Warsaw"]
[Date "2020.02.27"]
[Round "9"]
[White "Dabrowski, Leszek"]
[Black "Sypula, Krzysztof"]
[Result "1-0"]
[WhiteElo "1598"]
[BlackElo "1667"]
[PlyCount "92"]
[EventDate "2020.01.08"]
[EventType "tourn"]
[EventRounds "1"]
[EventCountry "POL"]
[SourceDate "2020.01.08"]

1. e4 g6 2. d4 Bg7 3. Nc3 d6 4. Be3 a6 5. f4 e6 6. Nf3 b5 7. a3 Bb7 8. Be2 Nf6
9. Nd2 Nbd7 10. Bf3 O-O 11. g4 c5 12. dxc5 Nxc5 13. Bxc5 dxc5 14. g5 Nd7 15. e5
Qc7 16. Nce4 Nxe5 17. fxe5 Qxe5 18. c3 f5 19. gxf6 Rxf6 20. Qe2 Rf4 21. Nf6+
Qxf6 22. Bxb7 Qh4+ 23. Kd1 Re8 24. Rf1 Bh6 25. Kc2 e5 26. Rxf4 Bxf4 27. Bxa6
Bxd2 28. Qxd2 Qa4+ 29. b3 Qxa6 30. Qd5+ Qe6 31. Qxc5 Qf5+ 32. Kb2 Rd8 33. Qe3
Rd3 34. Qe1 Qf4 35. Kc2 e4 36. Rd1 Qxh2+ 37. Rd2 Rxd2+ 38. Qxd2 Qe5 39. Qd4 Qe6
40. c4 e3 41. Qd5 Kf7 42. Qxe6+ Kxe6 43. cxb5 Kd5 44. Kd3 Kc5 45. a4 h5 46.
Kxe3 g5 1-0

[Event "225th YMCA Winter B"]
[Site "Warsaw"]
[Date "2020.02.27"]
[Round "9"]
[White "Kalejta, Arkadiusz"]
[Black "Prus, Marek"]
[Result "1-0"]
[WhiteElo "1774"]
[BlackElo "1672"]
[PlyCount "151"]
[EventDate "2020.01.08"]
[EventType "tourn"]
[EventRounds "1"]
[EventCountry "POL"]
[SourceDate "2020.01.08"]

1. e4 e5 2. Nf3 Nc6 3. Bb5 Nge7 4. O-O g6 5. c3 Bg7 6. d4 exd4 7. cxd4 d5 8.
exd5 Nxd5 9. Bg5 Qd6 10. Re1+ Be6 11. Nbd2 O-O 12. Ne4 Qb4 13. Bxc6 bxc6 14.
Qc1 Rfe8 15. Bd2 Qb5 16. Ne5 Bf5 17. Nc5 Rad8 18. a4 Qb6 19. Ra3 Nb4 20. Nc4
Rxe1+ 21. Qxe1 Nc2 22. Qe7 Qb8 23. Rb3 Bf8 24. Qh4 Qc8 25. Ne4 Bxe4 26. Rh3 h5
27. Qxe4 Nxd4 28. Bc3 Bg7 29. Re3 Nf5 30. Re1 Nd6 31. Qxc6 Nxc4 32. Bxg7 Kxg7
33. Qxc4 Re8 34. Qc3+ Kg8 35. Rc1 Qe6 36. h3 Qb6 37. Qd2 a5 38. Qc2 Re7 39. b3
Qb4 40. Qc3 Qd6 41. Qxa5 Re5 42. Qa8+ Kg7 43. Qf3 Rc5 44. Rd1 Qe7 45. Qd3 Re5
46. Qd4 Kh7 47. Qd3 Re1+ 48. Kh2 Qe5+ 49. g3 h4 50. Rxe1 hxg3+ 51. fxg3 Qxe1
52. Qc2 Qa5 53. Kg2 Qd5+ 54. Kh2 Qa5 55. h4 c5 56. h5 Kh6 57. hxg6 fxg6 58. Kh3
g5 59. Qe2 Qb6 60. Qc4 Qf6 61. Qd3 Qe5 62. Qa6+ Kg7 63. Qb7+ Kg6 64. Qc6+ Kg7
65. Qd7+ Kg6 66. Qd3+ Kh6 67. a5 Qe1 68. Qd6+ Kg7 69. Qxc5 Qe6+ 70. Kg2 Qe2+
71. Qf2 Qe4+ 72. Qf3 Qc2+ 73. Kh3 Qc8+ 74. Qg4 Qh8+ 75. Kg2 Kg6 76. Qe6+ 1-0

[Event "225th YMCA Winter B"]
[Site "Warsaw"]
[Date "2020.02.11"]
[Round "9"]
[White "Sloniewska, Alicja"]
[Black "Kwiek, Janusz"]
[Result "1/2-1/2"]
[WhiteElo "1683"]
[BlackElo "1549"]
[PlyCount "97"]
[EventDate "2020.01.08"]
[EventType "tourn"]
[EventRounds "1"]
[EventCountry "POL"]
[SourceDate "2020.01.08"]

1. d4 Nf6 2. c4 e6 3. Nc3 d5 4. cxd5 exd5 5. Bg5 Be7 6. e3 O-O 7. Bd3 Be6 8.
Nf3 Nbd7 9. O-O h6 10. Bh4 c6 11. Rb1 Ng4 12. Bg3 f5 13. h3 Ngf6 14. b4 Ne4 15.
Bxe4 fxe4 16. Ne5 Nxe5 17. Bxe5 Bd6 18. Bxd6 Qxd6 19. b5 Rf6 20. Ne2 cxb5 21.
Rxb5 Qd7 22. Qb3 b6 23. Nf4 Rd8 24. Nxe6 Rxe6 25. Rc1 Rc6 26. Rxc6 Qxc6 27. a4
Rd6 28. a5 Kh7 29. Qb1 Kh8 30. Qb3 Qc1+ 31. Kh2 Qc7 32. g3 Qc4 33. Qb2 Qf1 34.
axb6 axb6 35. Rxb6 Rxb6 36. Qxb6 Qxf2+ 37. Kh1 Qxe3 38. Qd8+ Kh7 39. Qxd5 Qf3+
40. Kh2 Qf2+ 41. Kh1 Qf3+ 42. Kh2 h5 43. g4 Qf4+ 44. Kh1 hxg4 45. Qh5+ Kg8 46.
Qe8+ Kh7 47. Qh5+ Kg8 48. Qe8+ Kh7 49. Qh5+ 1/2-1/2

[Event "225th YMCA Winter B"]
[Site "Warsaw"]
[Date "2020.02.26"]
[Round "9"]
[White "Kasperski, Marcin"]
[Black "Mazurek, Jerzy"]
[Result "0-1"]
[WhiteElo "1647"]
[BlackElo "1672"]
[PlyCount "90"]
[EventDate "2020.01.08"]
[EventType "tourn"]
[EventRounds "1"]
[EventCountry "POL"]
[SourceDate "2020.01.08"]

1. c4 e5 2. g3 Nc6 3. Bg2 g6 4. Nc3 Bg7 5. e4 Nf6 6. Nge2 d6 7. O-O O-O 8. d3
Nd4 9. Nxd4 exd4 10. Ne2 Nd7 11. f4 a5 12. f5 g5 13. g4 Be5 14. Bd2 Qf6 15. Rf3
Qg7 16. Rh3 Nf6 17. Ng3 Bxg3 18. hxg3 Nd7 19. Rh5 f6 20. Bf3 Qe7 21. Kg2 Ne5
22. Be2 Bd7 23. Qb3 a4 24. Qxb7 Bc6 25. Qb4 Rfb8 26. Qa3 Nxc4 27. dxc4 Rb3 28.
Qxb3 axb3 29. Bf3 Rxa2 30. Re1 Rxb2 31. Re2 d3 32. Rf2 Bxe4 33. Rh2 Rc2 34. Kh3
b2 35. Bxe4 Qxe4 36. Rf1 Rxc4 37. Rhh1 Qxg4+ 38. Kg2 Qe4+ 39. Kh3 Rc2 40. Rh2
b1=Q 41. Rxb1 Qxf5+ 42. Kg2 Rxd2+ 43. Kh1 Qf3+ 44. Kg1 Qxg3+ 45. Kf1 Qxh2 0-1

[Event "225th YMCA Winter B"]
[Site "Warsaw"]
[Date "2020.03.04"]
[Round "10"]
[White "Szukalski, Antoni"]
[Black "Mazurek, Jerzy"]
[Result "0-1"]
[WhiteElo "1752"]
[BlackElo "1672"]
[PlyCount "134"]
[EventDate "2020.01.08"]
[EventType "tourn"]
[EventRounds "1"]
[EventCountry "POL"]
[SourceDate "2020.01.08"]

1. e4 e5 2. Nf3 Nc6 3. Bb5 a6 4. Ba4 Nf6 5. O-O Nxe4 6. Re1 Nc5 7. Bxc6 dxc6 8.
Nxe5 Be6 9. d4 Nd7 10. Nc3 Nxe5 11. dxe5 Qxd1 12. Rxd1 Be7 13. Be3 O-O 14. Rd2
Rfd8 15. Rad1 Rxd2 16. Rxd2 Bb4 17. a3 Bxc3 18. bxc3 Kf8 19. h3 Ke8 20. Kf1 Rd8
21. Ke1 Rxd2 22. Kxd2 Kd7 23. g4 Bc4 24. f4 Ke6 25. Bf2 Bf1 26. h4 Bh3 27. g5
Kd5 28. Bd4 g6 29. e6 Kxe6 30. Be5 Kd7 31. c4 c5 32. Kc3 c6 33. a4 b5 34. a5
Bf1 35. cxb5 cxb5 36. Bb8 Ke6 37. Ba7 Kd5 38. Bb6 b4+ 39. Kb3 Kd4 40. Ba7 Bc4+
41. Kb2 Be6 42. Bb6 Kc4 43. Bd8 Kb5 44. Bc7 c4 45. c3 b3 46. Kc1 Kc6 47. Be5
Kd5 48. Kb2 Ke4 49. Kc1 Kf3 50. Kb2 Kg4 51. Kc1 Kxh4 52. Kb2 Kh5 53. Bg7 Bf5
54. Kc1 Be6 55. Kb2 Kg4 56. Be5 Bf5 57. Kc1 h5 58. gxh6 g5 59. fxg5 Kxg5 60.
Bg7 Bg6 61. Bf8 f5 62. Kd2 f4 63. Ba3 Kxh6 64. Bc1 Kg5 65. Ke2 Kf5 66. Kf3 Bh5+
67. Kf2 Ke4 0-1

[Event "225th YMCA Winter B"]
[Site "Warsaw"]
[Date "2020.03.06"]
[Round "10"]
[White "Kwiek, Janusz"]
[Black "Kasperski, Marcin"]
[Result "0-1"]
[WhiteElo "1549"]
[BlackElo "1647"]
[PlyCount "98"]
[EventDate "2020.01.08"]
[EventType "tourn"]
[EventRounds "1"]
[EventCountry "POL"]
[SourceDate "2020.01.08"]

1. Nf3 c5 2. c4 g6 3. g3 Bg7 4. Bg2 Nc6 5. Nc3 e5 6. d3 Nge7 7. O-O O-O 8. Bd2
a6 9. Qc1 Nf5 10. Nd5 Nce7 11. Nxe7+ Qxe7 12. e4 Nd4 13. Nxd4 exd4 14. Bh6 d6
15. Bxg7 Kxg7 16. f4 Rb8 17. b4 b6 18. a4 a5 19. b5 f6 20. Rf2 Bd7 21. Qf1 Rbe8
22. Re1 Qd8 23. Bh3 Bxh3 24. Qxh3 f5 25. Rfe2 fxe4 26. Rxe4 Rxe4 27. Rxe4 d5
28. cxd5 Qxd5 29. Qe6 Qxe6 30. Rxe6 Rf6 31. Re7+ Rf7 32. Re4 Kf6 33. Kg2 Rc7
34. Kf3 c4 35. dxc4 Rxc4 36. Ke2 Rxa4 37. Kd3 Rb4 38. Re5 a4 39. Re2 Rxb5 40.
Kxd4 Rb3 41. Ra2 b5 42. g4 a3 43. Rc2 Rb4+ 44. Ke3 Rc4 45. Ra2 b4 46. Rd2 b3
47. Rd6+ Ke7 48. Rb6 b2 49. Kd3 Rc1 0-1

[Event "225th YMCA Winter B"]
[Site "Warsaw"]
[Date "2020.03.05"]
[Round "10"]
[White "Sypula, Krzysztof"]
[Black "Kalejta, Arkadiusz"]
[Result "1/2-1/2"]
[WhiteElo "1667"]
[BlackElo "1774"]
[PlyCount "58"]
[EventDate "2020.01.08"]
[EventType "tourn"]
[EventRounds "1"]
[EventCountry "POL"]
[SourceDate "2020.01.08"]

1. d4 d5 2. c4 c6 3. e3 Nf6 4. Nc3 a6 5. a4 g6 6. Nf3 Bg7 7. Bd3 O-O 8. O-O Bg4
9. h3 Bf5 10. b3 Nbd7 11. Bb2 Re8 12. cxd5 Bxd3 13. Qxd3 cxd5 14. Ne5 e6 15.
Nxd7 Qxd7 16. Rab1 Rec8 17. Rfc1 Ne8 18. Ne2 Nd6 19. Rxc8+ Rxc8 20. Rc1 Rxc1+
21. Bxc1 Bf8 22. Qc2 b5 23. axb5 axb5 24. Nf4 b4 25. Nd3 Nc4 26. Bd2 Nxd2 27.
Qxd2 Qb5 28. Qc2 Qa6 29. g3 Qb5 $11 1/2-1/2

[Event "225th YMCA Winter B"]
[Site "Warsaw"]
[Date "2020.03.05"]
[Round "10"]
[White "Poniewierski, Piotr"]
[Black "Dabrowski, Leszek"]
[Result "1-0"]
[WhiteElo "1837"]
[BlackElo "1598"]
[PlyCount "57"]
[EventDate "2020.01.08"]
[EventType "tourn"]
[EventRounds "1"]
[EventCountry "POL"]
[SourceDate "2020.01.08"]

1. Nf3 Nf6 2. c4 e6 3. g3 d5 4. d4 b6 5. Bg2 Ba6 6. cxd5 exd5 7. Nc3 Be7 8.
Qa4+ Qd7 9. Qb3 Bc4 10. Qc2 Nc6 11. b3 Ba6 12. O-O O-O 13. Rd1 Bb4 14. Bb2 Rfe8
15. e3 Bxc3 16. Qxc3 Ne4 17. Qe1 Qe7 18. Rac1 Nb4 19. Ba3 Nd3 20. Bxe7 Nxe1 21.
Rxe1 Rxe7 22. Ne5 c5 23. Bxe4 dxe4 24. Nc6 Rc7 25. Nb4 Bb7 26. dxc5 bxc5 27.
Red1 Rac8 28. Nd5 Rd7 29. Nf6+ 1-0

[Event "225th YMCA Winter B"]
[Site "Warsaw"]
[Date "2020.03.05"]
[Round "10"]
[White "Koziol, Pawel"]
[Black "Safanowski, Tomasz"]
[Result "1/2-1/2"]
[WhiteElo "1788"]
[BlackElo "1834"]
[PlyCount "95"]
[EventDate "2020.01.08"]
[EventType "tourn"]
[EventRounds "1"]
[EventCountry "POL"]
[SourceDate "2020.01.08"]

1. e4 e6 2. d3 d5 3. Qe2 Nf6 4. Nf3 b6 5. e5 Nfd7 6. g3 c5 7. Bg2 Ba6 8. c4 Nc6
9. O-O d4 10. Bf4 h6 11. h4 Be7 12. h5 Qc7 13. Nbd2 O-O-O 14. a3 g5 15. hxg6
fxg6 16. b4 Bb7 17. Nb3 g5 18. b5 Ncb8 19. Bd2 g4 20. Nh2 Bxg2 21. Kxg2 Nxe5
22. Nxg4 Nbd7 23. Nxe5 Nxe5 24. Bf4 Bd6 25. Bxe5 Bxe5 26. Rae1 Bd6 27. Qxe6+
Kb8 28. Nd2 h5 29. Ne4 h4 30. Nxd6 Rxd6 31. Qe5 Rg8 32. Re4 hxg3 33. fxg3 Rdg6
34. Qxc7+ Kxc7 35. Rf3 Kd6 36. Ref4 Ke6 37. Rf8 R8g7 38. Re8+ Kd7 39. Re5 Rh7
40. Rd5+ Ke7 41. Rf4 Re6 42. Rdf5 Rg7 43. Re4 Rxe4 44. dxe4 Ke6 45. Kf3 Rh7 46.
Kg2 Rg7 47. Rd5 Rh7 48. Kg1 $11 1/2-1/2

[Event "225th YMCA Winter B"]
[Site "Warsaw"]
[Date "2020.03.12"]
[Round "11"]
[White "Dabrowski, Leszek"]
[Black "Koziol, Pawel"]
[Result "0-1"]
[WhiteElo "1598"]
[BlackElo "1788"]
[PlyCount "94"]
[EventDate "2020.01.08"]
[EventType "tourn"]
[EventRounds "1"]
[EventCountry "POL"]
[SourceDate "2020.01.08"]

1. e4 e5 2. Nf3 Nc6 3. Bc4 Nf6 4. Ng5 d5 5. exd5 b5 6. Bxb5 Qxd5 7. Bf1 Bc5 8.
Nc3 Bxf2+ 9. Kxf2 Qd4+ 10. Ke1 Qh4+ 11. g3 Qxg5 12. Bg2 Bb7 13. d4 Qg4 14. Qxg4
Nxg4 15. Bf3 h5 16. h3 exd4 17. Nb5 Nge5 18. Be4 O-O-O 19. Bf4 Kb8 20. Rd1 Rhe8
21. Kf2 f6 22. c3 g5 23. Bxe5 fxe5 24. Rhe1 a6 25. Na3 Rd6 26. Nc4 Rf6+ 27. Kg1
Rfe6 28. Re2 h4 29. g4 dxc3 30. bxc3 Ka7 31. Rf1 a5 32. Bd5 Nd4 33. cxd4 Bxd5
34. Nxe5 Bc4 35. Nc6+ Kb6 36. Rxe6 Rxe6 37. Nd8 Bxf1 38. Nxe6 Bxh3 39. Nxg5
Bxg4 40. Kf2 Kb5 41. Ne4 Kb4 42. Nc5 Ka3 43. d5 Bc8 44. Ne6 c6 45. Nf4 cxd5 46.
Nxd5 Kxa2 47. Ke3 Kb3 0-1

[Event "225th YMCA Winter B"]
[Site "Warsaw"]
[Date "2020.03.12"]
[Round "11"]
[White "Kalejta, Arkadiusz"]
[Black "Poniewierski, Piotr"]
[Result "1/2-1/2"]
[WhiteElo "1774"]
[BlackElo "1837"]
[PlyCount "89"]
[EventDate "2020.01.08"]
[EventType "tourn"]
[EventRounds "1"]
[EventCountry "POL"]
[SourceDate "2020.01.08"]

1. e4 c5 2. Nf3 Nc6 3. d4 cxd4 4. Nxd4 e5 5. Nb5 a6 6. Nd6+ Bxd6 7. Qxd6 Qe7 8.
Qd1 Nf6 9. Nc3 d6 10. Bg5 Be6 11. Nd5 Bxd5 12. exd5 Nb8 13. Be2 Nbd7 14. O-O
O-O 15. b4 a5 16. a3 h6 17. Be3 axb4 18. axb4 Rxa1 19. Qxa1 Nxd5 20. Bd2 Rc8
21. Rc1 Nf4 22. Bf3 Nf6 23. Bxf4 exf4 24. Re1 Qc7 25. Re2 b6 26. h3 Qc4 27. Qe1
Qc3 28. Qxc3 Rxc3 29. Rd2 Rc4 30. b5 Rc5 31. c4 Ne8 32. Bc6 Kf8 33. Bxe8 Kxe8
34. Rxd6 Rxc4 35. Rxb6 Rc1+ 36. Kh2 Rf1 37. f3 Rd1 38. Rc6 Rd7 39. h4 Rb7 40.
Rc5 Ke7 $11 41. Kh3 Kd6 42. Rf5 Ke6 43. Kg4 g6 44. Rc5 Kd6 45. Rc4 $11 1/2-1/2

[Event "225th YMCA Winter B"]
[Site "Warsaw"]
[Date "2020.02.19"]
[Round "11"]
[White "Sloniewska, Alicja"]
[Black "Sypula, Krzysztof"]
[Result "1-0"]
[WhiteElo "1683"]
[BlackElo "1667"]
[PlyCount "79"]
[EventDate "2020.01.08"]
[EventType "tourn"]
[EventRounds "1"]
[EventCountry "POL"]
[SourceDate "2020.01.08"]

1. d4 Nf6 2. c4 d6 3. Nc3 Nbd7 4. e4 e5 5. d5 Nc5 6. Qc2 a5 7. Nf3 Bg4 8. Be2
Be7 9. O-O O-O 10. Be3 Nfd7 11. Nd2 Bxe2 12. Nxe2 Bg5 13. Bxg5 Qxg5 14. Ng3 g6
15. b3 h5 16. Ne2 b6 17. a3 Qe7 18. Ra2 Nf6 19. Rfa1 a4 20. b4 Nb3 21. Rd1 Nxd2
22. Rxd2 Ng4 23. h3 Nh6 24. Nc3 f5 25. Rd3 f4 26. Qd1 Qe8 27. g3 g5 28. Rc2 Qg6
29. g4 hxg4 30. hxg4 Kg7 31. Rh3 Rh8 32. f3 Nf7 33. Rch2 Rxh3 34. Rxh3 Nh8 35.
Qc2 Nf7 36. Nb5 Rh8 37. Rxh8 Nxh8 38. Nxc7 Qf7 39. Ne6+ Kf6 40. Qh2 1-0

[Event "225th YMCA Winter B"]
[Site "Warsaw"]
[Date "2020.03.03"]
[Round "12"]
[White "Poniewierski, Piotr"]
[Black "Sloniewska, Alicja"]
[Result "0-1"]
[WhiteElo "1837"]
[BlackElo "1683"]
[PlyCount "100"]
[EventDate "2020.01.08"]
[EventType "tourn"]
[EventRounds "1"]
[EventCountry "POL"]
[SourceDate "2020.01.08"]

1. Nf3 d5 2. d4 Bf5 3. c4 c6 4. g3 e6 5. Qb3 Qc8 6. Bf4 Nf6 7. Nc3 Be7 8. Bg2
O-O 9. O-O Rd8 10. Rac1 Ne4 11. cxd5 Nxc3 12. Rxc3 exd5 13. Rfc1 Nd7 14. Ne5
Nxe5 15. Bxe5 Qd7 16. Qd1 Bg5 17. Bf4 Be7 18. a3 a5 19. Qd2 a4 20. h4 Re8 21.
Kh2 Bd8 22. Re3 Rxe3 23. Qxe3 Ba5 24. f3 Re8 25. Qf2 h6 26. g4 Bh7 27. e3 Qe7
28. h5 Bd3 29. Bf1 Bxf1 30. Rxf1 Bc7 31. Bxc7 Qxc7+ 32. Kg2 Qe7 33. Re1 Qg5 34.
e4 dxe4 35. Kh3 e3 36. Qg3 Qf6 37. Re2 Qxd4 38. g5 hxg5 39. Qxg5 Qe5 40. Qh4
Qf5+ 41. Kg2 Re5 42. f4 Qxh5 43. Qd8+ Kh7 44. fxe5 Qxe2+ 45. Kg3 Qf2+ 46. Kg4
g6 47. e6 Qf5+ 48. Kg3 Qxe6 49. Qh4+ Kg7 50. Qd4+ f6 0-1

[Event "225th YMCA Winter B"]
[Site "Warsaw"]
[Date "2020.06.05"]
[Round "12"]
[White "Koziol, Pawel"]
[Black "Kalejta, Arkadiusz"]
[Result "1-0"]
[WhiteElo "1788"]
[BlackElo "1774"]
[PlyCount "101"]
[EventDate "2020.01.08"]
[EventType "tourn"]
[EventRounds "1"]
[EventCountry "POL"]
[SourceDate "2020.01.08"]

1. Nf3 d5 2. g3 Nf6 3. Bg2 c6 4. O-O Bf5 5. d3 e6 6. Nbd2 Be7 7. Qe1 h6 8. e4
Bh7 9. Qe2 Qc7 10. e5 Nfd7 11. Re1 c5 12. c4 dxc4 13. dxc4 Nc6 14. Nb3 O-O 15.
Bd2 a5 16. Bc3 Nb4 17. Red1 Rfd8 18. a3 Bc2 19. axb4 Bxb3 20. Rxd7 Qxd7 21.
bxa5 Ba4 22. Nd2 Bc6 23. Ne4 Qd3 24. Qg4 Kh8 25. Nd6 Bxg2 26. Nxf7+ Kh7 27.
Kxg2 Rf8 28. Rd1 Qg6 29. Qxg6+ Kxg6 30. Nd6 Rfd8 31. b4 cxb4 32. Bxb4 Rd7 33.
c5 Bxd6 34. exd6 Rc8 35. f4 Kf5 36. Re1 Re8 37. Re2 Rc8 38. Re5+ Kf6 39. h4 Kf7
40. Kf3 Kf6 41. h5 Rc6 42. g4 Rd8 43. g5+ hxg5 44. Rxg5 Kf7 45. Bc3 Rdxd6 46.
cxd6 Rxc3+ 47. Ke4 Rc1 48. Rb5 Rd1 49. Rxb7+ Kf6 50. d7 Ke7 51. a6 1-0